000 00328 a2200109 4500
020 _a817888478X
082 _a628.168 BAR
100 _aBarua, A. K.
245 _aHandbook of Water Technology Management/
_cA. K. Barua
260 _aNew Delhi :
_bDominant Publishers and Distributors,
_c2007
300 _av, 346p. :
_bill. ;
_c26 cm
650 _aWater Technology
999 _c1677
_d1677